000 00454cam a22001457a 4500
008 180718b2005 xxu||||| |||| 00| 0 eng d
020 _a0195667255
082 _aB131x5444 N143
100 _aNair, Janaki
245 _aPromise of the metropolis: Bangalore's twentieth century
_cby Janaki Nair
260 _aNew Delhi
_bOxford Univ. Press
_c2005
300 _a454p.
650 _aUrbanization - India - Bangalore
650 _aBangalore - Social conditions
999 _c403596
_d403596